| 000 | 00928nam a22002177a 4500 | ||
|---|---|---|---|
| 999 |
_c17947 _d17947 |
||
| 003 | AR-CdUCM | ||
| 008 | 190510b ||||| |||| 00| 0 spa d | ||
| 040 |
_aMUNICIPALIDAD PROVINCIAL DEL CUSCO _cBIBLIOTECA MUNICIPAL DEL CUSCO |
||
| 082 |
_a720 / _bD99 |
||
| 100 |
_aD´ors, Victor _938220 |
||
| 245 | _aArquitectura y humanismo / | ||
| 260 |
_aBarcelona : _bLabor, _c1967. |
||
| 300 |
_a154 paginas ; _bIlustraciones, _c20 cm. |
||
| 440 |
_aNueva colección Labor _938221 |
||
| 505 | _aContenido : Situación de este escrito y recuerdo del matemático -- La arquitectura, resultado del orden ideal del espacio -- La moral, la ciencia, según su grado de racional determinación -- La creación de un edificio, tarea sobre determinada de entidad superreal... | ||
| 650 |
_aArquitectura _93356 |
||
| 650 |
_aDiseño _914302 |
||
| 650 |
_aCreaciones arquitectonicas _938222 |
||
| 942 |
_2ddc _cLIBROS |
||
| 945 |
_awnts _d2019-05-11 |
||